000 00515nam a2200193Ia 4500
005 20230324105135.0
008 131103s9999 xx 000 0 und d
020 _a8172932650
_cRs.80.00
040 _aLoreto College
041 _aEnglish
082 _a891.443
_bBAN
100 _aBandyopadhyay,Bibhuti Bhusan
245 _aShrestha galpa
_cBibhutibhusan Bandyopadhyay
260 _aKolkata
_bMitra & Ghosh Publishers
_c2008
300 _a184p.
650 _aBengali fiction
850 _aLCLIB
942 _cBK
999 _c36488
_d86967